| 000 | 01043nam a2200265Ia 4500 | ||
|---|---|---|---|
| 003 | OSt | ||
| 005 | 20220923211030.0 | ||
| 006 | a|||||r|||| 00| 0 | ||
| 007 | ta | ||
| 008 | 220922b |||||||| |||| 00| 0 hin d | ||
| 020 |
_a8171197647 (hbk) _c250 |
||
| 024 | _a256,864 | ||
| 037 |
_b274, 16/12/2011, Vani Prakashan _cTextual |
||
| 040 |
_aARTS _cARTS _bhin |
||
| 041 |
_2hin _ahin |
||
| 082 | _aO152,2M50:g, L6;P2 | ||
| 100 |
_aतनेजा, सत्येन्द्र कुमार _9157368 |
||
| 245 | 0 | _aनाटककार भारतेन्दु की रंग - परिकल्पना | |
| 246 | _aNāṭakakār bhāratendu kī ranga - parikalpanā | ||
| 260 |
_aदिल्ली _b राधाकृष्ण _c2002 |
||
| 300 |
_a110पृ. _ccm. |
||
| 650 |
_aहिन्दी साहित्य _9156264 |
||
| 942 |
_hO152,2M50:g, L6;P2 _cTEXL _2CC |
||
| 999 |
_c294216 _d294216 |
||